The dynamical yang-baxter equation, representation theory, and quantum integrable systems / (Record no. 29980)
[ view plain ]
| 000 -LEADER | |
|---|---|
| fixed length control field | 00654 a2200181 4500 |
| 003 - CONTROL NUMBER IDENTIFIER | |
| control field | NUST |
| 005 - DATE AND TIME OF LATEST TRANSACTION | |
| control field | 20180118122325.0 |
| 008 - FIXED-LENGTH DATA ELEMENTS--GENERAL INFORMATION | |
| fixed length control field | 180118b xxu||||| |||| 00| 0 eng d |
| 020 ## - INTERNATIONAL STANDARD BOOK NUMBER | |
| International Standard Book Number | 0198530684 |
| 020 ## - INTERNATIONAL STANDARD BOOK NUMBER | |
| International Standard Book Number | 9780198530688 |
| 082 ## - DEWEY DECIMAL CLASSIFICATION NUMBER | |
| Classification number | 512.482 |
| 100 1# - MAIN ENTRY--PERSONAL NAME | |
| Personal name | Etingof, Pavel. |
| 9 (RLIN) | 8707 |
| 245 14 - TITLE STATEMENT | |
| Title | The dynamical yang-baxter equation, representation theory, and quantum integrable systems / |
| Statement of responsibility, etc. | Pavel Etingof, Frederic Latour. |
| 260 ## - PUBLICATION, DISTRIBUTION, ETC. | |
| Place of publication, distribution, etc. | [S.l.] : |
| Name of publisher, distributor, etc. | Oxford University Press, USA, |
| Date of publication, distribution, etc. | 2005. |
| 300 ## - PHYSICAL DESCRIPTION | |
| Extent | 150 p. ; |
| Dimensions | 24 cm. |
| 490 1# - SERIES STATEMENT | |
| Series statement | Oxford lecture series in mathematics and its applications. |
| 700 1# - ADDED ENTRY--PERSONAL NAME | |
| Personal name | Latour, Frederic. |
| 9 (RLIN) | 8708 |
| 830 #0 - SERIES ADDED ENTRY--UNIFORM TITLE | |
| Uniform title | Oxford lecture series in mathematics and its applications. |
| 9 (RLIN) | 8709 |
| 942 ## - ADDED ENTRY ELEMENTS (KOHA) | |
| Institution code [OBSOLETE] | SNS |
| Koha item type | Book |
| Call number prefix | 512.482 ETI |
| Source of classification or shelving scheme | |
| Withdrawn status | Lost status | Damaged status | Not for loan | Permanent Location | Current Location | Date acquired | Total Checkouts | Full call number | Barcode | Date last seen | Price effective from | Koha item type |
|---|---|---|---|---|---|---|---|---|---|---|---|---|
| School of Natural Sciences (SNS) | School of Natural Sciences (SNS) | 05/26/2016 | 512.482 ETI | SNS0000511 | 05/26/2016 | 05/26/2016 | Book |
